000
00297nam a22001217a 4500
999
_c
12580
_d
12580
020
_a
978-1111836993
_a
111183699X
082
_a
616.89
100
_a
V. Mark Durand
245
_a
Essentials of Abnormal Psychology
250
_a
6th
260
_a
USA
_b
Wadsworth Cengage Learning
_c
2012
942
_c
BK